Awaken your strongest self : (Record no. 4071)

MARC details
000 -LEADER
fixed length control field 00593 a2200181 4500
010 ## - LCCN (DPL NO)
LC control number ENG-86057
020 ## - INTERNATIONAL STANDARD BOOK NUMBER
International Standard Book Number 0070658358
Terms of availability 199.00
035 ## - SYSTEM CONTROL NUMBER
System control number EN-69590
037 ## - SOURCE OF ACQUISITION
Source of stock number/acquisition D.B.Act / Pub
082 14 - DEWEY DECIMAL CLASSIFICATION NUMBER
Classification number 158.1
100 1# - MAIN ENTRY--PERSONAL NAME
Personal name Fiore, Neil
245 1# - TITLE STATEMENT
Title Awaken your strongest self :
Statement of responsibility, etc by Neil Fiore
Remainder of title break free of strees, inner conflict, and self-sabotage /
260 ## - PUBLICATION, DISTRIBUTION, ETC. (IMPRINT)
Place of publication, distribution, etc New Delhi
Name of publisher, distributor, etc Tata Mc-Graw Hill Publishing
Date of publication, distribution, etc 2007
270 ## - ADDRESS
Address 7, West Patel Nagar
City New Delhi
Postal code 110 008
300 ## - PHYSICAL DESCRIPTION
Extent xvi, 240 p.
Dimensions 21 cm. (Pbk.)
500 ## - GENERAL NOTE
General note Includes index
942 ## - ADDED ENTRY ELEMENTS (KOHA)
Institution code [OBSOLETE] dpl
Item type English Books
Source of classification or shelving scheme Dewey Decimal Classification
Classification part 158.1
Call number suffix FIO
Holdings
Withdrawn status Lost status Not for loan Collection code Home library Current library Date acquired Source of acquisition Cost, normal purchase price Full call number Barcode Copy number Cost, replacement price Koha item type
    Not For Loan Non-fiction D.B.Act.Division D.B.Act.Division   DBAD/PUB 199.00 158.1 FIO EN-69590 1 199.00 English Books

© Delhi Public Library
Hit Counter
free hit counter